[Event "Titled Tuesday intern op 24th Oct Late"]
[Site "Chess.com INT"]
[Date "2023.10.24"]
[Round "1"]
[White "Cueto, Jose"]
[Black "Hoang, Thi Bao Tram"]
[Result "1-0"]
[WhiteElo "2112"]
[BlackElo "2244"]
[PlyCount "63"]
[EventDate "2023.10.24"]
[EventType "swiss (blitz)"]
[EventRounds "11"]
[EventCountry "USA"]
[SourceTitle "Mega2024 Update 01"]
[Source "Chessbase"]
[SourceDate "2023.11.12"]
[SourceVersion "1"]
[SourceVersionDate "2023.11.12"]
[SourceQuality "1"]

1. d4 d5 2. Bf4 Nf6 3. e3 e6 4. Nf3 Bd6 5. Ne5 Nbd7 6. Bd3 0-0 7. Nd2 Qe7 8. Qf3 c5 9. c3 Ne8 10. Qh3 f5 11. g4 Nxe5 12. dxe5 Bc7 13. gxf5 exf5 14. Rg1 Bxe5 15. Bh6 Kh8 16. Bg5 Qf7 17. 0-0-0 Nd6 18. Nf3 Bf6 19. Rg2 Ne4 20. Rdg1 g6 21. Bxf6+ Nxf6 22. Qh6 Ng4 23. Qh4 d4 24. h3 dxc3 25. hxg4 Qxa2 26. bxc3 Qa1+ 27. Kd2 Qb2+ 28. Ke1 Qxc3+ 29. Nd2 Qxd3 30. Rh1 Qd7 31. gxf5 Rxf5 32. Rxg6 1-0

[Event "Titled Tuesday intern op 24th Oct Late"]
[Site "Chess.com INT"]
[Date "2023.10.24"]
[Round "6"]
[White "Hoang, Thi Bao Tram"]
[Black "Dragun, Kamil"]
[Result "0-1"]
[WhiteElo "2244"]
[BlackElo "2550"]
[PlyCount "92"]
[EventDate "2023.10.24"]
[EventType "swiss (blitz)"]
[EventRounds "11"]
[EventCountry "USA"]
[SourceTitle "Mega2024 Update 01"]
[Source "Chessbase"]
[SourceDate "2023.11.12"]
[SourceVersion "1"]
[SourceVersionDate "2023.11.12"]
[SourceQuality "1"]

1. Nf3 d5 2. g3 g6 3. Bg2 Bg7 4. d4 Nf6 5. 0-0 c6 6. c4 dxc4 7. Na3 b5 8. Ne5 Nd5 9. Nc2 0-0 10. a4 Bb7 11. e4 Nc7 12. f4 a5 13. Be3 Nd7 14. Qe1 Nxe5 15. dxe5 b4 16. Nd4 c5 17. Ne2 Ne6 18. Rd1 Qc7 19. Qf2 Ba6 20. f5 Nd4 21. f6 exf6 22. exf6 Nxe2+ 23. Qxe2 Bh8 24. Qf2 c3 25. Rfe1 cxb2 26. Qxb2 c4 27. e5 c3 28. Qf2 Rae8 29. Bc5 b3 30. Bd6 Qc8 31. Qb6 c2 32. Rc1 Bc4 33. Bc6 Rd8 34. Re4 Be6 35. Rd4 Rxd6 36. Rxd6 Qb8 37. Be4 Qxb6+ 38. Rxb6 h5 39. Kf2 Rd8 40. Ke3 Kh7 41. Bd3 Rd5 42. Ke4 Rc5 43. Ke3 Rxe5+ 44. Kf4 Bxf6 45. h4 Rc5 46. Be4 Bg7 0-1

[Event "Asian Games tt (Women)"]
[Site "Hangzhou"]
[Date "2023.10.07"]
[Round "9.16"]
[White "Bayarmaa, Bayarjargal"]
[Black "Hoang, Thi Bao Tram"]
[Result "1/2-1/2"]
[WhiteElo "2086"]
[BlackElo "2266"]
[PlyCount "67"]
[EventDate "2023.09.29"]
[EventType "team-tourn"]
[EventRounds "9"]
[EventCountry "CHN"]
[SourceTitle "EXT 2024"]
[Source "ChessBase"]
[SourceDate "2023.10.10"]
[SourceVersion "1"]
[SourceVersionDate "2023.10.10"]
[SourceQuality "1"]
[WhiteTeam "Mongolia (W)"]
[BlackTeam "Vietnam (W)"]
[WhiteTeamCountry "MGL"]
[BlackTeamCountry "VIE"]

1. d4 d5 2. c4 c6 3. Nf3 Nf6 4. Nc3 g6 5. cxd5 cxd5 6. Bf4 Bg7 7. e3 0-0 8. h3 Nc6 9. Bd3 b6 10. Rc1 Bb7 11. 0-0 Rc8 12. Ne5 Na5 13. Qe2 Nd7 14. Nf3 Nf6 15. Bh2 Ne4 16. Ne5 Nxc3 17. bxc3 e6 18. Rfd1 Qe7 19. e4 dxe4 20. Bxe4 Bxe4 21. Qxe4 Qa3 22. Qc2 Rfd8 23. Bf4 b5 24. Rd3 Nc4 25. Re1 Rd5 26. Ng4 Qb2 27. Qb3 Qxb3 28. axb3 Na5 29. Ra1 Nc6 30. Ne3 Rd7 31. Rad1 Na5 32. b4 Nc4 33. Nxc4 Rxc4 34. Kf1 1/2-1/2

[Event "Asian Games tt (Women)"]
[Site "Hangzhou"]
[Date "2023.10.06"]
[Round "8.20"]
[White "Hoang, Thi Bao Tram"]
[Black "Anoud, Eisa Bashkardi"]
[Result "1-0"]
[WhiteElo "2266"]
[BlackElo "1434"]
[PlyCount "71"]
[EventDate "2023.09.29"]
[EventType "team-tourn"]
[EventRounds "9"]
[EventCountry "CHN"]
[SourceTitle "EXT 2024"]
[Source "ChessBase"]
[SourceDate "2023.10.10"]
[SourceVersion "1"]
[SourceVersionDate "2023.10.10"]
[SourceQuality "1"]
[WhiteTeam "Vietnam (W)"]
[BlackTeam "United Arab Emirates (W)"]
[WhiteTeamCountry "VIE"]
[BlackTeamCountry "UAE"]

1. d4 Nf6 2. Nf3 g6 3. g3 Bg7 4. Bg2 0-0 5. 0-0 d6 6. c3 Nfd7 7. e4 e5 8. Re1 Nc6 9. Na3 a6 10. Nc4 b5 11. Ne3 Bb7 12. a4 Nb6 13. a5 Nd7 14. Nf1 Ne7 15. b4 c5 16. bxc5 dxc5 17. d5 Nc8 18. c4 b4 19. Bb2 Nd6 20. N1d2 Re8 21. Qc2 Bc8 22. Nb3 Qc7 23. Re2 Nf8 24. h3 Nd7 25. Ne1 Nb7 26. Nd3 f5 27. exf5 gxf5 28. Nf4 Nf6 29. Ne6 Bxe6 30. Bxe5 Qe7 31. dxe6 Rac8 32. Qxf5 Nd6 33. Bxd6 Qxd6 34. Rae1 Re7 35. h4 Rcc7 36. Rd2 1-0

[Event "Asian Games tt (Women)"]
[Site "Hangzhou"]
[Date "2023.10.01"]
[Round "3.16"]
[White "Malikova, Marjona"]
[Black "Hoang, Thi Bao Tram"]
[Result "0-1"]
[WhiteElo "2055"]
[BlackElo "2266"]
[PlyCount "114"]
[EventDate "2023.09.29"]
[EventType "team-tourn"]
[EventRounds "9"]
[EventCountry "CHN"]
[SourceTitle "EXT 2024"]
[Source "ChessBase"]
[SourceDate "2023.10.10"]
[SourceVersion "1"]
[SourceVersionDate "2023.10.10"]
[SourceQuality "1"]
[WhiteTeam "Uzbekistan (W)"]
[BlackTeam "Vietnam (W)"]
[WhiteTeamCountry "UZB"]
[BlackTeamCountry "VIE"]

1. d4 d5 2. c4 e6 3. Nc3 Nf6 4. cxd5 exd5 5. Bg5 c6 6. e3 Be7 7. Qc2 h6 8. Bxf6 Bxf6 9. Bd3 0-0 10. Nge2 a5 11. 0-0 Be7 12. e4 dxe4 13. Bxe4 Na6 14. a3 Nc7 15. Rfd1 Bd6 16. d5 c5 17. Na4 Na6 18. Nac3 f5 19. Bd3 Nc7 20. Na4 c4 21. Bxc4 b5 22. Nb6 bxc4 23. Nxa8 Nxa8 24. Qxc4 Bd7 25. Nd4 Qb6 26. Rab1 Nc7 27. b4 axb4 28. axb4 Nb5 29. Ne6 Rc8 30. Nc5 Bxc5 31. bxc5 Qxc5 32. Qxc5 Rxc5 33. Rbc1 Nc3 34. Kf1 Rc8 35. Rd4 Bb5+ 36. Ke1 Re8+ 37. Kd2 Ne2 38. Rb4 Nxc1 39. Rxb5 Ne2 40. Rb4 g5 41. g3 Ng1 42. Rb3 Kf7 43. f4 g4 44. Rb6 h5 45. Rc6 Nf3+ 46. Kd3 Nxh2 47. Rc7+ Kf6 48. Rc6+ Ke7 49. Rh6 Nf1 50. Rxh5 Nxg3 51. Rh6 Kd7 52. Kc4 Ne2 53. Rf6 g3 54. Rg6 Rc8+ 55. Kb5 Rc3 56. Kb4 Rd3 57. Kc5 Rxd5+ 0-1

[Event "Titled Tuesday intern op 26th Sep Early"]
[Site "Chess.com INT"]
[Date "2023.09.26"]
[Round "3"]
[White "Hoang, Thi Bao Tram"]
[Black "Popov, Konstantin"]
[Result "0-1"]
[WhiteElo "2266"]
[BlackElo "2345"]
[PlyCount "82"]
[EventDate "2023.09.26"]
[EventType "swiss (blitz)"]
[EventRounds "11"]
[EventCountry "USA"]
[SourceTitle "EXT 2024"]
[Source "ChessBase"]
[SourceDate "2023.10.10"]
[SourceVersion "1"]
[SourceVersionDate "2023.10.10"]
[SourceQuality "1"]

1. d4 Nf6 2. c4 b6 3. Nc3 Bb7 4. Bg5 g6 5. f3 Bg7 6. e4 0-0 7. Nge2 d6 8. Qd2 e5 9. d5 a5 10. Ng3 Na6 11. h4 h5 12. Be2 Nc5 13. b3 Qd7 14. 0-0 Nh7 15. Bh6 Qe7 16. Bg5 Nxg5 17. hxg5 Rfe8 18. Nh1 Bc8 19. Nf2 Bd7 20. Rab1 Qd8 21. a3 Bf8 22. g3 a4 23. b4 Nb3 24. Qe3 Nd4 25. Bd3 Qxg5 26. f4 exf4 27. Qxf4 Bh6 28. Qxg5 Bxg5 29. Kg2 Kg7 30. Nh3 Bf6 31. Nd1 Nb3 32. Rf2 Bd4 33. Re2 Bg4 34. Nf4 Bxe2 35. Nxe2 Be5 36. Ne3 Bf6 37. Nf1 Re7 38. Bc2 Rae8 39. Kf3 Bg5 40. Bd3 f5 41. exf5 Re3+ 0-1

[Event "Titled Tuesday intern op 26th Sep Early"]
[Site "Chess.com INT"]
[Date "2023.09.26"]
[Round "4"]
[White "Joie, Sebastien"]
[Black "Hoang, Thi Bao Tram"]
[Result "1-0"]
[WhiteElo "2399"]
[BlackElo "2266"]
[PlyCount "97"]
[EventDate "2023.09.26"]
[EventType "swiss (blitz)"]
[EventRounds "11"]
[EventCountry "USA"]
[SourceTitle "EXT 2024"]
[Source "ChessBase"]
[SourceDate "2023.10.10"]
[SourceVersion "1"]
[SourceVersionDate "2023.10.10"]
[SourceQuality "1"]

1. Nf3 d5 2. e3 Nf6 3. b3 Bf5 4. Bb2 e6 5. Be2 c5 6. d4 Nc6 7. 0-0 cxd4 8. Nxd4 Nxd4 9. Qxd4 a6 10. Ba3 Bxa3 11. Nxa3 0-0 12. Bf3 Qa5 13. Qb2 Rac8 14. c4 b5 15. b4 Qb6 16. c5 Qb8 17. Rac1 Bd3 18. Rfd1 Bc4 19. Nc2 e5 20. g3 Rfd8 21. Ne1 h5 22. Ng2 Qc7 23. Nh4 g6 24. Bg2 Ng4 25. h3 Nf6 26. Nf3 Re8 27. Ng5 Qe7 28. h4 Ng4 29. Bxd5 Bxd5 30. Rxd5 f6 31. Ne4 Rf8 32. Rcd1 Rc7 33. Qb3 Kh8 34. Rd6 f5 35. Ng5 f4 36. exf4 exf4 37. Qc3+ Qg7 38. Qxg7+ Kxg7 39. Ne6+ Kg8 40. Nxc7 fxg3 41. fxg3 Ne3 42. Rxg6+ Kh7 43. Rdd6 Rf1+ 44. Kh2 Rf2+ 45. Kh3 Nf1 46. Rh6+ Kg7 47. Ne8+ Kf7 48. Rdf6+ Kxe8 49. Rxf2 1-0

[Event "Titled Tuesday intern op 05th Sep Early"]
[Site "Chess.com INT"]
[Date "2023.09.05"]
[Round "2"]
[White "Hoang, Thi Bao Tram"]
[Black "Bluebaum, Matthias"]
[Result "0-1"]
[WhiteElo "2266"]
[BlackElo "2670"]
[PlyCount "44"]
[EventDate "2023.09.05"]
[EventType "swiss (blitz)"]
[EventRounds "11"]
[EventCountry "USA"]
[SourceTitle "EXT 2024"]
[Source "ChessBase"]
[SourceDate "2023.10.10"]
[SourceVersion "1"]
[SourceVersionDate "2023.10.10"]
[SourceQuality "1"]

1. Nf3 d5 2. g3 e6 3. Bg2 Nf6 4. 0-0 Bd6 5. c4 0-0 6. b3 Nc6 7. Bb2 d4 8. e3 e5 9. exd4 Nxd4 10. Nxd4 exd4 11. d3 c5 12. Nd2 Bg4 13. Qc2 Qd7 14. Rfe1 Rae8 15. b4 Bh3 16. Bh1 cxb4 17. Bxd4 Bxg3 18. Bxf6 Be5 19. Bh4 Bxa1 20. Rxa1 Qd4 21. Rb1 Qxh4 22. Bxb7 Re2 0-1

[Event "Titled Tuesday intern op 05th Sep Early"]
[Site "Chess.com INT"]
[Date "2023.09.05"]
[Round "4"]
[White "Hoang, Thi Bao Tram"]
[Black "Dauner, Benedikt"]
[Result "1/2-1/2"]
[WhiteElo "2266"]
[BlackElo "2385"]
[PlyCount "129"]
[EventDate "2023.09.05"]
[EventType "swiss (blitz)"]
[EventRounds "11"]
[EventCountry "USA"]
[SourceTitle "EXT 2024"]
[Source "ChessBase"]
[SourceDate "2023.10.10"]
[SourceVersion "1"]
[SourceVersionDate "2023.10.10"]
[SourceQuality "1"]

1. Nf3 Nf6 2. g3 d6 3. Bg2 Nbd7 4. 0-0 g6 5. d4 Bg7 6. a4 0-0 7. a5 a6 8. c3 c6 9. Nbd2 e5 10. e4 Re8 11. Re1 Qc7 12. Qc2 Nf8 13. dxe5 dxe5 14. Nc4 Bg4 15. Nh4 Be6 16. Nb6 Rad8 17. Be3 Ng4 18. Bc5 Nd7 19. Nxd7 Rxd7 20. h3 Nf6 21. Nf3 Qc8 22. g4 Qb8 23. Bb6 h5 24. Ng5 hxg4 25. Nxe6 Rxe6 26. hxg4 Rde7 27. Bh3 Nd7 28. Be3 Rd6 29. b4 Re8 30. g5 Nf8 31. Bc5 Rdd8 32. Bb6 Rd6 33. Re3 Ne6 34. Bxe6 fxe6 35. Rf3 Qc8 36. Kg2 Qd7 37. Be3 Rf8 38. Rh3 Rd3 39. Rah1 Qd8 40. Rg3 Rf7 41. Rhh3 Rfd7 42. Qb3 Qe8 43. Qc4 Rd1 44. Rh4 Qf7 45. Rgh3 Rb1 46. Rh1 Rdd1 47. Rxd1 Rxd1 48. Qe2 Qd7 49. Rh3 Qd3 50. Qg4 Qf1+ 51. Kf3 Kf7 52. Rh2 Rd3 53. c4 Rb3 54. Kg3 Qg1+ 55. Rg2 Qe1 56. Qf3+ Kg8 57. Qg4 Rxe3+ 58. Kh2 Rxe4 59. Qxe6+ Kf8 60. Qc8+ Kf7 61. Qd7+ Kf8 62. Qd8+ Kf7 63. Qd7+ Kf8 64. Qc8+ Kf7 65. Qd7+ 1/2-1/2

[Event "Titled Tuesday intern op 15th Aug Late"]
[Site "Chess.com INT"]
[Date "2023.08.15"]
[Round "10"]
[White "Hambleton, Aman"]
[Black "Hoang, Thi Bao Tram"]
[Result "0-1"]
[WhiteElo "2420"]
[BlackElo "2266"]
[PlyCount "72"]
[EventDate "2023.08.15"]
[EventType "swiss (blitz)"]
[EventRounds "11"]
[EventCountry "USA"]
[SourceTitle "EXT 2024"]
[Source "ChessBase"]
[SourceDate "2023.10.10"]
[SourceVersion "1"]
[SourceVersionDate "2023.10.10"]
[SourceQuality "1"]

1. d4 d5 2. Bf4 e6 3. e3 Bd6 4. Nd2 Nf6 5. Ngf3 c5 6. c3 0-0 7. Bd3 Qc7 8. Bxd6 Qxd6 9. Ne5 Nc6 10. f4 Ne8 11. 0-0 f5 12. g4 Nf6 13. gxf5 exf5 14. Kh1 c4 15. Bc2 Ne4 16. Ndf3 Nxe5 17. Nxe5 Qh6 18. Bxe4 fxe4 19. Rg1 Bf5 20. b3 b5 21. bxc4 dxc4 22. a4 a6 23. Qb1 Qb6 24. Qb4 g6 25. Nxc4 Qc7 26. axb5 axb5 27. Ne5 Rac8 28. Rgc1 Rb8 29. c4 bxc4 30. Qxc4+ Qxc4 31. Rxc4 Rb3 32. Ra7 Rfb8 33. Rcc7 Rb1+ 34. Kg2 R8b2+ 35. Kg3 Rg1+ 36. Kh4 Rxh2# 0-1

[Event "Titled Tuesday intern op 15th Aug Late"]
[Site "Chess.com INT"]
[Date "2023.08.15"]
[Round "2"]
[White "Hoang, Thi Bao Tram"]
[Black "Petr, Jan1111"]
[Result "1/2-1/2"]
[WhiteElo "2266"]
[BlackElo "2282"]
[PlyCount "201"]
[EventDate "2023.08.15"]
[EventType "swiss (blitz)"]
[EventRounds "11"]
[EventCountry "USA"]
[SourceTitle "EXT 2024"]
[Source "ChessBase"]
[SourceDate "2023.10.10"]
[SourceVersion "1"]
[SourceVersionDate "2023.10.10"]
[SourceQuality "1"]

1. d4 Nf6 2. Nf3 g6 3. g3 Bg7 4. Bg2 0-0 5. 0-0 d6 6. a4 a5 7. Re1 Nbd7 8. c3 e5 9. e4 Re8 10. Nbd2 b6 11. dxe5 dxe5 12. Nc4 Ba6 13. Ne3 Nxe4 14. Nd2 Nxd2 15. Bxa8 Qxa8 16. Bxd2 Nc5 17. Ng4 h5 18. Nh6+ Kf8 19. Be3 Ne6 20. h3 Qc6 21. Kh2 Bb7 22. Rg1 Rd8 23. Qe2 Qf3 24. Qxf3 Bxf3 25. g4 h4 26. g5 e4 27. Ng4 Ke7 28. Rge1 Bf8 29. Rac1 Rd3 30. Kg1 Kd8 31. Ne5 Rd5 32. Nxf7+ Kc8 33. Nh8 Nxg5 34. Nxg6 Bd6 35. Nf4 Bxf4 36. Bxf4 Nxh3+ 37. Kh2 Nxf4 38. Rg1 h3 39. Rg8+ Kb7 40. Rf8 Ne2 41. Re1 Rd2 42. b4 Nxc3 43. bxa5 bxa5 44. Kg3 h2 45. Kxh2 Rxf2+ 46. Kg3 Rg2+ 47. Kf4 Re2 48. Rc1 Nxa4 49. Rf7 Kb6 50. Rfxc7 Rf2 51. Ke3 Re2+ 52. Kf4 Rf2 53. Ke5 Rh2 54. R7c6+ Kb5 55. Rc8 Rh5+ 56. Kf4 Rc5 57. Rb8+ Kc6 58. Ra1 Nc3 59. Rg1 Nd5+ 60. Ke5 Nc7+ 61. Kd4 Rd5+ 62. Ke3 Rd3+ 63. Kf4 Nd5+ 64. Ke5 e3 65. Rc8+ Kb5 66. Rb1+ Nb4 67. Rb8+ Ka4 68. Ra1+ Kb3 69. Rxa5 e2 70. Ra1 Re3+ 71. Kf4 e1Q 72. Rxe1 Rxe1 73. Kxf3 Re7 74. Kf4 Rc7 75. Ke5 Rc4 76. Kd6 Kc3 77. Rh8 Rd4+ 78. Ke5 Nc6+ 79. Ke6 Kc4 80. Rc8 Kc5 81. Kf6 Rd6+ 82. Kf5 Kd5 83. Kf4 Rf6+ 84. Kg5 Re6 85. Ra8 Nd4 86. Ra5+ Ke4 87. Ra4 Re5+ 88. Kg4 Ke3 89. Ra3+ Ke4 90. Ra4 Re6 91. Kg5 Rd6 92. Rb4 Kd3 93. Ra4 Ke3 94. Ra3+ Ke4 95. Ra4 Ke5 96. Ra5+ Ke6 97. Ra4 Nf5 98. Re4+ Kd7 99. Kxf5 Rd5+ 100. Re5 Rxe5+ 101. Kxe5 1/2-1/2

[Event "Titled Tuesday intern op 15th Aug Late"]
[Site "Chess.com INT"]
[Date "2023.08.15"]
[Round "6"]
[White "Hristodoulou, Panagiotis"]
[Black "Hoang, Thi Bao Tram"]
[Result "0-1"]
[WhiteElo "2358"]
[BlackElo "2266"]
[PlyCount "82"]
[EventDate "2023.08.15"]
[EventType "swiss (blitz)"]
[EventRounds "11"]
[EventCountry "USA"]
[SourceTitle "EXT 2024"]
[Source "ChessBase"]
[SourceDate "2023.10.10"]
[SourceVersion "1"]
[SourceVersionDate "2023.10.10"]
[SourceQuality "1"]

1. d4 d5 2. Nc3 Nf6 3. Bf4 e6 4. e3 Bd6 5. Nf3 c5 6. dxc5 Bxc5 7. Bd3 Nc6 8. 0-0 0-0 9. e4 Nb4 10. e5 Nxd3 11. cxd3 Nd7 12. Rc1 a6 13. Re1 Be7 14. Ne2 Kh8 15. Ned4 Rg8 16. h3 Nb8 17. Qd2 g5 18. Bg3 Bd7 19. Nh2 Qb6 20. Ndf3 Bb4 21. Rc3 d4 22. Nxg5 Be8 23. Re4 dxc3 24. Rh4 Rg7 25. Qf4 cxb2 26. Ng4 b1Q+ 27. Kh2 Be7 28. Nf6 Q6b4 29. Ngxh7 Qxf4 30. Bxf4 Qxd3 31. Ng5+ Rh7 32. Ngxh7 Bxf6 33. Nxf6+ Kg7 34. Bh6+ Kg6 35. f4 Nd7 36. g4 Nxf6 37. exf6 Kxf6 38. Bg5+ Kg6 39. Rh6+ Kg7 40. Rh5 f6 41. Bh4 Bxh5 0-1

[Event "Titled Tuesday intern op 15th Aug Late"]
[Site "Chess.com INT"]
[Date "2023.08.15"]
[Round "11"]
[White "Livaic, Leon"]
[Black "Hoang, Thi Bao Tram"]
[Result "1-0"]
[WhiteElo "2558"]
[BlackElo "2266"]
[PlyCount "85"]
[EventDate "2023.08.15"]
[EventType "swiss (blitz)"]
[EventRounds "11"]
[EventCountry "USA"]
[SourceTitle "EXT 2024"]
[Source "ChessBase"]
[SourceDate "2023.10.10"]
[SourceVersion "1"]
[SourceVersionDate "2023.10.10"]
[SourceQuality "1"]

1. f4 g6 2. Nf3 Bg7 3. g3 b6 4. Bg2 Bb7 5. 0-0 c5 6. d3 e6 7. e4 Ne7 8. c3 0-0 9. Nbd2 d6 10. Qe1 Nbc6 11. g4 Ba6 12. Qe2 Qd7 13. g5 d5 14. e5 Rfd8 15. Rd1 Nf5 16. Nf1 Rac8 17. Ng3 Nce7 18. Bd2 b5 19. a3 h6 20. Nxf5 Nxf5 21. Bh3 Bb7 22. Bxf5 exf5 23. gxh6 Bxh6 24. d4 cxd4 25. Nxd4 a6 26. Kh1 Qe7 27. Rg1 Kh7 28. Rg3 Rh8 29. Rag1 Rcg8 30. Qg2 Qd7 31. e6 Qe7 32. Re1 Qf6 33. Rge3 Re8 34. Re5 Re7 35. exf7 Rxe5 36. fxe5 Qxf7 37. e6 Qe7 38. Rg1 Qf6 39. Qh3 Kg7 40. Bxh6+ Rxh6 41. Qg3 f4 42. Qg4 Rh5 43. Qxh5 1-0

[Event "Titled Tuesday intern op 08th Aug Late"]
[Site "Chess.com INT"]
[Date "2023.08.08"]
[Round "9"]
[White "Hoang, Thi Bao Tram"]
[Black "Mizzi, Jack"]
[Result "1-0"]
[WhiteElo "2266"]
[BlackElo "2007"]
[PlyCount "91"]
[EventDate "2023.08.08"]
[EventType "swiss (blitz)"]
[EventRounds "11"]
[EventCountry "USA"]
[SourceTitle "EXT 2024"]
[Source "ChessBase"]
[SourceDate "2023.10.10"]
[SourceVersion "1"]
[SourceVersionDate "2023.10.10"]
[SourceQuality "1"]

1. Nf3 Nf6 2. g3 g6 3. Bg2 Bg7 4. 0-0 0-0 5. d4 d5 6. c4 c6 7. cxd5 cxd5 8. Ne5 Nc6 9. Nxc6 bxc6 10. Nc3 Bf5 11. Bf4 Nh5 12. Be3 e5 13. Rc1 e4 14. Na4 Rc8 15. Qd2 Nf6 16. h3 Qe7 17. Rc2 h5 18. Rfc1 h4 19. g4 Bxg4 20. hxg4 Nxg4 21. Rxc6 Rxc6 22. Rxc6 f5 23. Bf4 h3 24. Rc7 Qh4 25. Bg3 h2+ 26. Kh1 e3 27. Bxh4 exd2 28. Nc3 Bxd4 29. Nd1 Bxf2 30. Bxf2 Nxf2+ 31. Nxf2 Rb8 32. b3 Re8 33. Bf3 d4 34. Kxh2 Re3 35. Kg2 Rc3 36. Rd7 Rc2 37. a4 Rb2 38. Rxd4 Kg7 39. Bd5 Kh6 40. Bc4 Rc2 41. Nd1 Kg5 42. Ne3 Rb2 43. Kf3 f4 44. Rxf4 Rb1 45. Rd4 Rd1 46. Nxd1 1-0

[Event "Titled Tuesday intern op 08th Aug Late"]
[Site "Chess.com INT"]
[Date "2023.08.08"]
[Round "11"]
[White "Ibadov, Dashgyn"]
[Black "Hoang, Thi Bao Tram"]
[Result "1-0"]
[WhiteElo "2360"]
[BlackElo "2266"]
[PlyCount "95"]
[EventDate "2023.08.08"]
[EventType "swiss (blitz)"]
[EventRounds "11"]
[EventCountry "USA"]
[SourceTitle "EXT 2024"]
[Source "ChessBase"]
[SourceDate "2023.10.10"]
[SourceVersion "1"]
[SourceVersionDate "2023.10.10"]
[SourceQuality "1"]

1. e4 c6 2. d4 d5 3. exd5 cxd5 4. Bd3 Nf6 5. h3 Nc6 6. c3 g6 7. Nf3 Bg7 8. 0-0 0-0 9. Bf4 a6 10. Re1 Na5 11. Nbd2 Be6 12. Ne5 Nd7 13. Ndf3 Nxe5 14. Bxe5 Bxe5 15. Nxe5 Rc8 16. f4 Qd6 17. f5 Bxf5 18. Bxf5 gxf5 19. Qh5 Qf6 20. Nd7 Qg6 21. Qxg6+ hxg6 22. Rxe7 Rfd8 23. Ne5 Re8 24. Rd7 Rcd8 25. Kf2 Rxd7 26. Nxd7 Kg7 27. Ne5 f6 28. Nd3 Nc4 29. b3 Nd6 30. Rc1 Rc8 31. Nc5 Ne4+ 32. Ke3 Nxc5 33. dxc5 Rxc5 34. Kd4 Rc7 35. Kxd5 Rd7+ 36. Kc5 Rd2 37. Kb6 Rxg2 38. Kxb7 f4 39. c4 f3 40. c5 Rxa2 41. c6 Rb2 42. c7 Rxb3+ 43. Ka7 f2 44. c8Q Kh6 45. Qc4 Rf3 46. Qh4+ Kg7 47. Rc7+ Kf8 48. Qh8# 1-0

[Event "Titled Tuesday intern op 08th Aug Early"]
[Site "Chess.com INT"]
[Date "2023.08.08"]
[Round "1"]
[White "Korol, Dimitry"]
[Black "Hoang, Thi Bao Tram"]
[Result "0-1"]
[WhiteElo "2287"]
[BlackElo "2266"]
[PlyCount "72"]
[EventDate "2023.08.08"]
[EventType "swiss (blitz)"]
[EventRounds "11"]
[EventCountry "USA"]
[SourceTitle "EXT 2024"]
[Source "ChessBase"]
[SourceDate "2023.10.10"]
[SourceVersion "1"]
[SourceVersionDate "2023.10.10"]
[SourceQuality "1"]

1. d4 d5 2. c4 c6 3. Nc3 Nf6 4. e3 g6 5. Nf3 Bg7 6. h3 0-0 7. Bd3 Be6 8. Ng5 Bc8 9. 0-0 a6 10. b3 dxc4 11. bxc4 c5 12. Nf3 Nc6 13. d5 Nb4 14. Rb1 Qa5 15. a3 Nxd3 16. Qxd3 Ne8 17. Bd2 Qc7 18. a4 Bd7 19. e4 Rd8 20. Rb2 Bc8 21. Rfb1 e6 22. Bg5 f6 23. Bh4 Qa5 24. Rb3 e5 25. Rb6 Rd6 26. R6b3 f5 27. Be7 Rf7 28. Bxd6 Nxd6 29. Rb6 Rd7 30. Ng5 Bf6 31. Ne6 f4 32. R1b3 Kf7 33. g3 g5 34. Kg2 Be7 35. Qf3 Kg6 36. h4 Nxc4 0-1